000 00259nam a2200121Ia 4500
008 190216s9999||||xx |||||||||||||| ||und||
100 _aKenal Prasad
245 0 _aRed Lotus
260 _bKairali Mudralayam
300 _a104
650 _aNovel
942 _cBK
999 _c27324
_d27324